The Balkan economies c.1800-1914 : evolution without development
Saved in:
| Main Author: | |
|---|---|
| Format: | Book |
| Language: | English |
| Published: |
Cambridge :
Cambridge University Press,
c1997
|
| Series: | Cambridge studies in modern economic history ;
; 6 |
| Subjects: | |
| Tags: |
Add Tag
No Tags, Be the first to tag this record!
|
MARC
| LEADER | 00000cam a2200000 i 4500 | ||
|---|---|---|---|
| 001 | 1/2553 | ||
| 008 | 000509s1997 eng d | ||
| 020 | |a 052158051x | ||
| 035 | |l 10060480 | ||
| 040 | |a GR-MY-UA |b gre |e aacr | ||
| 041 | 0 | |a eng | |
| 082 | 0 | |a 330.9496 | |
| 100 | 1 | |a Palairet, Michael. | |
| 245 | 1 | 4 | |a The Balkan economies c.1800-1914 : |b evolution without development / |c Michael Palairet |
| 260 | |a Cambridge : |b Cambridge University Press, |c c1997 | ||
| 300 | |a 415 p. | ||
| 490 | 1 | |a Cambridge studies in modern economic history |v ; 6 | |
| 504 | |a Includes bibliographical references and index | ||
| 651 | 0 | |a Balkan Peninsula |x Economic conditions. | |
| 830 | 0 | |a Cambridge studies in modern economic history ; |v ; 6 | |
| 852 | |a INST |b LESVOS |e 20000509 |h 330.9496 PAL |p 005100024492 |q 005100024492 |t BK |y 0 | ||
| 901 | |a BIBL1-2000-2 | ||
| 909 | |a Λ |b 077801 | ||
| 922 | |a 1ΕΛΗ |b 200004 |c ΚΠΣ/ΤΚΑ |d ΠΑΠΑΣΩΤΗΡΙΟΥ | ||
| 950 | |a 117-1999-11-26 | ||
| 970 | |a ΤΖΑΦΕΡΗ |b ΕΥΑΓΓΕΛΙΑ |z 2000/05/09 | ||